00656nam a22001934a 450000500170000000800410001701000140005802000250007203500130009703700150011004000180012508200110014310000220015424501430017626000480031927000510036730000240041865000200044220080917104111.0030915s2004 cauab b 001 0 eng  aENG-92452 a9788190714457c75.00 aEN-75985 bDBAD / PUB adplbEnglish  a516.06 aJohn, B. Stephen  aAn introduction to solid geometry:cby B. Stephen Johnb(for B.Sc. mathematics major) (for Manomaniam Sundaranar and other universities) / aKanyakumari bDivya Jothi Publicationc2007 a18/43,-A, South Kundal, bKanyakumari e629702 a248p. c20 cm (pbk) aGeometry, Solid